Complétez les titres des albums de Corto Maltese - Statistiques

Statistiques générales
  • Ce quiz a été pris 23 fois
  • Le résultat moyen est 13 sur 18
Statistiques - réponses
Hint Réponse % Correct
2 Sous le signe du *** Capricorne
100%
1 La Ballade de la mer *** salée
95%
6 Corto Maltese en *** Sibérie
95%
9 La ***, 1904-1905 Jeunesse
89%
8 La *** dorée de Samarkand Maison
89%
HS La *** de Babylone Reine
89%
4 Les *** Celtiques
84%
3 Corto *** un peu plus loin toujours
84%
13 Sous le soleil de *** minuit
79%
7 Fable de *** Venise
79%
15 Le *** de Tarowean Jour
68%
11 Les *** Helvétiques
58%
5 Les *** Éthiopiques
53%
16 *** berlinois Nocturnes
53%
HS Océan *** noir
53%
12 ***
42%
14 *** Équatoria
26%
10 *** Tango
16%
Aucun quiz correspondant
Distribution des résultats
% des personnes avec chaque résultat
Percentile par nombre de réponses
Votre historique - résultats
Vous n’avez pas pris ce quiz